Révision des pays pour le contrôle - Statistiques

Statistiques générales
  • Ce quiz a été pris 150 fois
  • Le résultat moyen est 11 sur 12
Réponses sur la Carte
Les réponses sont colorées sur une échelle allant du rouge au vert en fonction du pourcentage des utilisateurs qui les ont devinées à leur premier essai. Vous pouvez retrouver ces pourcentages ci-dessous.
 
Statistiques - réponses
Réponse % Correct
Brésil
95%
Argentine
93%
Australie
93%
Chine
93%
Turquie
93%
Egypte
92%
Arabie saoudite
91%
Inde
91%
Etats unis
90%
Corée du sud
86%
Canada
84%
Japon
70%
Aucun quiz correspondant
Distribution des résultats
% des personnes avec chaque résultat
Percentile par nombre de réponses
Votre historique - résultats
Vous n’avez pas pris ce quiz